LEADER 01080nam0 2200313 450 001 000018309 005 20081104142921.0 010 $a88-339-0008-8 100 $a20081028d1985----km-y0itay50------ba 101 0 $aita 102 $aIT 105 $aa-------001yy 200 1 $a<>problemi di matematica della Scuola normale superiore di Pisa$fa cura di Franco Conti ... [et al.] 210 $aTorino$cP. Boringhieri$d1985 215 $a297 p.$cill.$d22 cm 225 2 $aDidattica 410 0$12001$aDidattica 500 10$a<>problemi di matematica della Scuola normale superiore di Pisa$933105 610 1 $aMatematica$aEsercizi 610 1 $aMatematica$aProblemi 676 $a510.76$v21$9Matematica. Prontuari ed esercizi 702 1$aConti,$bFranco 710 02$aScuola normale superiore$0103942 801 0$aIT$bUNIPARTHENOPE$c20081028$gRICA$2UNIMARC 912 $a000018309 951 $aM 510.76/1$bM 780$cDSA$d2008 951 $aM 510.76/3$bM 908$cDSA 996 $aProblemi di matematica della Scuola normale superiore di Pisa$933105 997 $aUNIPARTHENOPE LEADER 02720nam 22005655 450 001 9910556880903321 005 20251113180647.0 010 $a3-030-97910-5 024 7 $a10.1007/978-3-030-97910-2 035 $a(MiAaPQ)EBC6935533 035 $a(Au-PeEL)EBL6935533 035 $a(CKB)21418287100041 035 $a(PPN)261520148 035 $a(DE-He213)978-3-030-97910-2 035 $a(EXLCZ)9921418287100041 100 $a20220322d2022 u| 0 101 0 $aeng 135 $aurcnu|||||||| 181 $ctxt$2rdacontent 182 $cc$2rdamedia 183 $acr$2rdacarrier 200 10$aComputational Concepts in Simulation of Welding Processes /$fby Reza Beygi, Eduardo Marques, Lucas F.M. da Silva 205 $a1st ed. 2022. 210 1$aCham :$cSpringer International Publishing :$cImprint: Springer,$d2022. 215 $a1 online resource (97 pages) 225 1 $aSpringerBriefs in Computational Mechanics,$x2191-5350 311 08$aPrint version: Beygi, Reza Computational Concepts in Simulation of Welding Processes Cham : Springer International Publishing AG,c2022 9783030979096 327 $aClassification of welding processes -- Heat sources in welding processes -- Thermal analysis in welding -- Microstructure evolution in welding -- Mechanical analysis in welding -- Coupled thermo-mechanical analysis -- Modelling of distortion -- Modelling of residual stresses -- Data analysis in welding -- Optimization of welding. 330 $aThis book introduces basic concepts related to computer-aided simulation of welding and prepares the reader to perform the simulation of welding by commercial simulation software. It focuses on conceptualizing the physics of welding, heat transfer, stress development and microstructure development in welding. This book helps the reader to implement these concepts in any commercial software to simulate the welding process according to their own requirement. 410 0$aSpringerBriefs in Computational Mechanics,$x2191-5350 606 $aMetals 606 $aMaterials science$xData processing 606 $aMetals and Alloys 606 $aComputational Materials Science 615 0$aMetals. 615 0$aMaterials science$xData processing. 615 14$aMetals and Alloys. 615 24$aComputational Materials Science. 676 $a671.520285 676 $a671.520285 700 $aSilva$b Lucas Filipe Martins da$f1973-$01129808 702 $aBeygi$b Reza 702 $aMarques$b Eduardo Cesar 801 0$bMiAaPQ 801 1$bMiAaPQ 801 2$bMiAaPQ 906 $aBOOK 912 $a9910556880903321 996 $aComputational concepts in simulation of welding processes$92963189 997 $aUNINA